| 000 | 01000nam a2200217Ii 4500 | ||
|---|---|---|---|
| 003 | JO-AjNU | ||
| 008 | 230605s9999||||xx |||||||||||||| ||und|| | ||
| 017 | _a2006/12/3316 | ||
| 020 | _a9957-462-28-8 | ||
| 040 |
_aJO-AjNU _bara _erda _cJO-AjNU |
||
| 041 | _aara | ||
| 050 | 1 | 4 | _aBP70.J37 2007 |
| 100 | 3 |
_aجرار،حسني أدهم, _eauthor _920322 |
|
| 245 | 0 | 0 | _aرواد الإصلاح والتغيير في العصر الحديث |
| 264 | 3 | 1 | _aعمان:دار المأمون للنشر والتوزيع ، مؤسسة الزيتونة للنشر ،2007 |
| 300 |
_a135ص _bالجزء2 :الشيخ الشهيد عمر المختار-الشيخ الشهيد عز الدين القسام-الشيخ عبد الله علي المطوع |
||
| 336 |
_atext _btxt _2rdacontent |
||
| 337 |
_aunmediated _bn _2rdamedia |
||
| 338 |
_avolume _bnc _2rdacarrier |
||
| 650 | 4 |
_aالاسلام- حركات الاحياء والاصلاح والتجديد- العلماء المسلمون- تراجم _920323 |
|
| 999 |
_aA6867 _c10435 _d10435 |
||